Analýza štátnych sviatkov Slovenskej republiky

Štátne sviatky a dni pracovného pokoja. Pamätné dni.

Salvato in:
Dettagli Bibliografici
Natura: Capitolo di libro
Lingua:slovacco
Soggetti:
Tags: Aggiungi Tag
Nessun Tag, puoi essere il primo ad aggiungerne!!

MARC

LEADER 00000naa$a2200000$$$4500
001 0006294
005 20231106065735.8
041 0 |a slo 
044 |a SK 
245 1 0 |a Analýza štátnych sviatkov Slovenskej republiky 
520 |a Štátne sviatky a dni pracovného pokoja. Pamätné dni. 
610 2 0 |a Slovensko 
610 2 0 |a voľno pracovné 
610 2 0 |a 2004